1329 1989 1718 1819 1488 1106 1347 1989 1908 1010 1066 1467 1942 1104 1069 1091 1779 1108 1317 1895 1951 1568 1946 1223 1293 1842 1292 1038 1309 1140 1340 1776 1311 1615 1812 1435 1510 1059 1560 1310 1517 1213 1461 1042 1394 1148 1415 1854 1809 1355 1979 1382 1793 1945 1725 1205 1407 1050 1670 1638 1276 1799 1710 1417 1121 1138 1563 1588 1963 1708 1788 1929 1332 1063 1072 1065 1486 1039 1516 1715 1230 1736 1373 1148 1857 1022 1770 1840 1931 1103 1604 1351 1033 1286 1849 1185 1853 1871 1245 BCNSPRNW ULIB Ver.6.0+V

เปลี่ยนเป็นภาษาไทย

Change to English
 แสดงรายละเอียดบรรณานุกรม
  กลับหน้าหลัก

Brief Record : Get Marc (ISO 2709) : E-mail record : QR code < ปิดหน้าต่าง
LEADER : 00000nam 2200000uu 4500
001    13399125877
003     ULIB
008    020711s2560 th a 000 0 tha d
020    ู^a9789745337176
060    ^aWY152.5^bจ265ก
100    ^aจันทร์ทิรา เจียรณัย.
245    ^aการพยาบาลผู้ป่วยที่มีปัญหาการผันแปรของออกซิเจนและการระบายอากาศ/^bจันทร์ทิรา เจียรณัย.
260    ^aนครราชสีมา :^bมหาวิทยาลัยเทคโนโลยีสุรนารี,^c2560
300    ^a528 หน้า;^c30 ซม.
650    ^aหัวใจ-โรค-ผู้ป่วย
650  0 ^aผู้ป่วย-การดูแล
945    ^p480^l0^i003307
945    ^p480^l0^i003308
945    ^p480^l0^i003309
999    ^aประนอม เกษจรัล
รายการนี้ยังไม่มีแท็ก
คุณยังไม่ได้ล็อกอิน คุณสามารถมีกิจกรรมร่วมกับเว็บไซต์ได้ แต่ต้องล็อกอินก่อน ::
  ล็อกอิน

รายการสื่อสารสนเทศ

ลำดับที่ ประเภท เลขเรียก/บาร์โค้ด สถานที่ สถานะ
1. วิทยาศาสตร์การแพทย์ และสุขภาพ
หนังสือสำรอง
สถานะ=หนังสือสำรอง
WY152.5 จ265ก ฉ.1 
  Barcode: 003307
ห้องสมุดวิทยาเขตสวรรค์ประชารักษ์
►หนังสือทั่วไป
บนชั้น
2. วิทยาศาสตร์การแพทย์ และสุขภาพ
วิทยาศาสตร์การแพทย์ และสุขภาพ
WY152.5 จ265ก ฉ.2 
  Barcode: 003308
ห้องสมุดวิทยาเขตสวรรค์ประชารักษ์
►หนังสือทั่วไป
บนชั้น
3. วิทยาศาสตร์การแพทย์ และสุขภาพ
วิทยาศาสตร์การแพทย์ และสุขภาพ
WY152.5 จ265ก ฉ.3 
  Barcode: 003309
ห้องสมุดวิทยาเขตสวรรค์ประชารักษ์
►หนังสือทั่วไป
บนชั้น

รายการใกล้เคียง
    หัวเรื่อง [หัวใจ-โรค-ผู้ป่วย]
    หัวเรื่อง [ผู้ป่วย-การดูแล]

BibComment


ยังไม่เคยถูกคอมเมนท์

คอมเมนท์ทรัพยากรรายการนี้
  คอมเมนท์: การพยาบาลผู้ป่วย..


 Copyright 2026. Bcnsprnw @Library